| 000 | 00379pab a2200157 454500 | ||
|---|---|---|---|
| 008 | 180718b1997 xxu||||| |||| 00| 0 eng d | ||
| 100 | _aHeyzer, Noeleen | ||
| 245 | _aGender, economic growth and poverty | ||
| 260 | _c1997 | ||
| 300 | _ap.126-30 | ||
| 362 | _aMar | ||
| 650 | _aEconomic and social development | ||
| 650 | _aPoverty | ||
| 773 | _aDevelopment | ||
| 909 | _a34541 | ||
| 999 |
_c34541 _d34541 |
||